| 000 | 02477cam a22005414i 4500 | ||
|---|---|---|---|
| 003 | PE-LiUPU | ||
| 005 | 20250731184529.0 | ||
| 008 | 150623s r 000 0 d | ||
| 020 | _a0931464676 | ||
| 035 | _a(Sirsi) i9780931464676 | ||
| 040 |
_aPE-LiUPU _bspa _cPE-LiUPU _erda |
||
| 049 | _aPRUA | ||
| 082 | 0 | 4 |
_a935 _bS72 _221 |
| 245 | 0 | 0 |
_aGeneral studies ; editado por David I. Owen ; y Excavations at Nuzi 9/3 / _c[compilado] por Ernest R. Lacheman y David I. Owen. |
| 264 | 1 |
_aWinona Lake, Indiana : _bEisenbrauns, _c1995. |
|
| 300 |
_a357 páginas : _bilustraciones láms ; _c26 centímetros |
||
| 336 |
_atext _2rdacontent |
||
| 337 |
_aunmediated _2rdamedia |
||
| 338 |
_avolume _2rdacarrier |
||
| 490 | 0 |
_aStudies on the civilization and culture of Nuzi and the Hurrians ; _v5 |
|
| 500 | _aEn idioma Inglés y Alemán. | ||
| 504 | _aBibliografía al pie de páginas. | ||
| 505 | 0 | _aGeneral studies: Gesellschaftsformen im Königreich Arraphe. -Sur la characteristique typologique de I'Hourrite et I'Ourartéen. -Getreideertragsabgaben an den "Palast" im hurritischen staat Arraphe. -Miscellanea Hurritica. -The scribes of Nuzi and the their activities relative to arms according to Palace Texts. -Ein neuer text zum ordal in Nuzi. -The origin of Nuzi ware : a contribution from tell Hamida. -Texts in the Harvard semitic museum excavations at Nuzi 9/3 : Cumulative catalogue to excavations at Nuzi 9. -Cumulative SMN index to excavations at Nuzi 9. -Cumulative Room list to excavations at Nuzi 9. -Cumulative list of scribes in excavations at Nuzi 9. -Copies of plates. | |
| 526 | _aP136 | ||
| 526 | _aP135 | ||
| 526 | _aP134 | ||
| 526 | _aP133 | ||
| 526 | _aP144 | ||
| 526 | _aP143 | ||
| 526 | _aP87 | ||
| 526 | _aP35 | ||
| 526 | _aP20 | ||
| 526 | _aP14 | ||
| 526 | _aP10 | ||
| 526 | _aP06 | ||
| 650 | 0 | 4 |
_aAcadio (Idioma) _vTextos. |
| 650 | 0 | 4 | _aHurrita (Idioma). |
| 650 | 0 | 4 | _aHurritas. |
| 650 | 0 | 4 | _aNuzi (Ciudad extinta). |
| 700 | 1 |
_aLacheman, Ernest René1906-, _eomp. |
|
| 700 | 1 |
_aOwen, David I., _ecomp. |
|
| 942 |
_2ddc _cBOOK |
||
| 949 |
_a935 S72 _wDEWEY _c1 _i44745 _lCCODEBUL1 _mBUL _r0 _sY _tBOOK _u2015-6-24 _xTEOLOGIA _PP35 _0COMPRA _o.STAFF. Colección General |
||
| 994 |
_aC0 _bPEPRU |
||
| 596 | _a1 | ||
| 999 |
_a935 S72 _wDEWEY _c21612 _i44745 _f2021-11-11 _g5 _lCCODEBUL1 _mBUL _r0 _sY _tBOOK _u2015-6-24 _xTEOLOGIA _PP35 _0COMPRA _o.STAFF. Colección General _d21612 |
||
| 980 |
_81 _gALBERTO SANCHEZ Responsable de Automatización |
||